| 000 | 00888nas a2200265 454500 | ||
|---|---|---|---|
| 001 | 28258 | ||
| 005 | 20260407193507.0 | ||
| 008 | 260407s1995####ag###########|||spa#d | ||
| 003 | AR-UNSa-BCEJYS | ||
| 040 |
_aAR-UNSa-BCEJYS _bspa _cAR-UNSa-BCEJYS |
||
| 080 |
_a378 _xEnseñanza superior. Universidades. Escuelas especiales |
||
| 245 | 1 | 0 | _aPropuestas |
| 022 | _a0328-3488 | ||
| 264 | 1 |
_aBuenos Aires : _bUniversidad Nacional de La Matanza _c1995 |
|
| 310 | _aFrecuencia: Semestral | ||
| 041 | _aspa | ||
| 942 | _cSER | ||
| 590 | _aniveau_biblio:s niveau_hierar:1 | ||
| 100 | 1 | _aUniversidad Nacional de la Matanza | |
| 700 | 1 | _aCartier, Ernesto | |
| 650 | _aUNIVERSIDADES | ||
| 650 | _aEnseñanza superior | ||
| 650 | _aEducación | ||
| 856 | 4 | 1 |
_uhttps://biblioeco.unsa.edu.ar/pmb/images/revistas/Propuestas Universidad Nacional de la Matanza-r13703.jpg _yImagen de portada _qimage/jpeg |
| 999 |
_c8644 _d8644 |
||